| 000 | 02937nam0a2200421 4500 | ||
|---|---|---|---|
| 001 | RU\NLR\BIBL_A\012558483 | ||
| 005 | 20210812164639.0 | ||
| 010 |
_a978-5-907181-90-8 _9500 |
||
| 021 |
_aRU _bКН-П-21-012677 _9КН-П-21-1026 |
||
| 035 | _a(NLR Aleph) 012558483 | ||
| 090 |
_a12453121 _c12453121 |
||
| 100 | _a20210705d2020 k y0rusy50 ca | ||
| 101 | 0 |
_arus _deng |
|
| 102 | _aRU | ||
| 105 | _aa|||z|||000zy | ||
| 181 | 0 |
_ai _baxxe |
|
| 182 | 0 | _an | |
| 200 | 1 |
_aПроблемы и перспективы развития агропромышленного производства _eмонография _fЩербакова Д.В., Фудина Е.В., Лукиенко Л.В. [и др.] _gпод общей редакцией доктора экономических наук, профессора Л. Б. Винничек, кандидата сельскохозяйственных наук, доцента А. А. Галиуллина _gМинистерство науки и высшего образования РФ, Министерство сельского хозяйства РФ, Пензенский государственный аграрный университет, Межотраслевой научно-информационный центр Пензенского государственного аграрного университета |
|
| 203 |
_aТекст _bвизуальный _cнепосредственный |
||
| 210 |
_aПенза _cРИО ПГАУ _d2020 |
||
| 215 |
_a193, [1] с. _cил. _d21 |
||
| 300 | _aАвт. указаны на обороте тит. с. | ||
| 300 | _aНа с. 191-192 авт.: Щербакова Д.В., канд. социол. наук, доц., Фудина Е.В., канд. экон. наук, доц., Лукиенко Л.В., д-р техн. наук, доц. [и др.] | ||
| 300 | _aРез. англ. | ||
| 320 | _aБиблиогр. в конце гл. | ||
| 606 | 1 |
_aАгропромышленные комплексы _xСтратегическое управление _yРоссийская Федерация _2nlr_sh1 _2nlr_sh2 _3RU\NLR\AUTH\661420733 |
|
| 686 | 1 | _aУ32(2)-434-21(2Р) | |
| 701 | 1 |
_aЩербакова _bД. В. _cканд. социол. наук _gДарья Васильевна _3RU\NLR\AUTH\770232902 |
|
| 701 | 1 |
_aФудина _bЕ. В. _gЕлена Васильевна |
|
| 701 | 1 |
_aЛукиенко _bЛ. В. _gЛеонид Викторович |
|
| 702 | 1 |
_aВинничек _bЛ. Б. _gЛюбовь Борисовна _4340 |
|
| 712 | 0 | 2 |
_aПензенский государственный аграрный университет _bМежотраслевой научно-информационный центр _3RU\NLR\AUTH\880466499 _4475 |
| 942 | _cBOOK | ||
| 980 | _aNBR | ||
| 980 | _aNB | ||